|
|
|
|
| LEADER |
01594nam a2200385 i 4500 |
| 001 |
EBC6421276 |
| 003 |
MiAaPQ |
| 005 |
20210317153814.0 |
| 006 |
m o d | |
| 007 |
cr cnu|||||||| |
| 008 |
210317s2020 gw a o 000 0 eng d |
| 020 |
|
|
|z 9783869805542
|
| 020 |
|
|
|a 9783869805559 (e-book)
|
| 035 |
|
|
|a (MiAaPQ)EBC6421276
|
| 035 |
|
|
|a (Au-PeEL)EBL6421276
|
| 035 |
|
|
|a (OCoLC)1226594173
|
| 040 |
|
|
|a MiAaPQ
|b eng
|e rda
|e pn
|c MiAaPQ
|d MiAaPQ
|
| 050 |
|
4 |
|a HD57.7
|b .P835 2020
|
| 082 |
0 |
|
|a 378.16913094248
|2 23
|
| 100 |
1 |
|
|a Puckett, Stefanie,
|e author.
|
| 245 |
1 |
0 |
|a Agile Leadership :
|b Leadership competencies for the agile transformation /
|c Stefanie Puckett, Rainer M. Neubauer.
|
| 264 |
|
1 |
|a Gottingen, Germany :
|b BusinessVillage,
|c [2020]
|
| 264 |
|
4 |
|c 2020
|
| 300 |
|
|
|a 1 online resource (291 pages) :
|b illustrations
|
| 336 |
|
|
|a text
|b txt
|2 rdacontent
|
| 337 |
|
|
|a computer
|b c
|2 rdamedia
|
| 338 |
|
|
|a online resource
|b cr
|2 rdacarrier
|
| 588 |
|
|
|a Description based on print version record.
|
| 590 |
|
|
|a Electronic reproduction. Ann Arbor, MI : ProQuest, 2018. Available via World Wide Web. Access may be limited to ProQuest affiliated libraries.
|
| 650 |
|
0 |
|a Leadership.
|
| 655 |
|
4 |
|a Electronic books.
|
| 700 |
1 |
|
|a Neubauer, Rainer M.,
|e author.
|
| 776 |
0 |
8 |
|i Print version:
|t Agile Leadership : Leadership competencies for the agile transformation.
|d Gottingen, Germany : BusinessVillage, c2020
|h 291 pages
|z 9783869805542
|
| 797 |
2 |
|
|a ProQuest (Firm)
|
| 856 |
4 |
0 |
|u https://ebookcentral.proquest.com/lib/matrademy/detail.action?docID=6421276
|z Click to View
|